000 00459nam a2200193Ia 4500
005 20250603144438.0
008 250603s9999 xx 000 0 und d
020 _a978-1-84480-029-2
050 _aHF 5625 .R53/
100 _aRiahi-Belkaoui, Ahmed
245 0 _aAccounting theory
250 _a5th ed.
260 _aSingapore
260 _bSouth-Western Cengage Learning
260 _c2004
300 _a598 p
650 _aSingapore
942 _cBK
999 _c38942
_d38942